000 00819 a2200253 4500
003 CBULib
005 20240523064324.0
008 231218b |||||||| |||| 00| 0 eng d
020 _a9780198835097
040 _bEnglish
_cCBULib
_erda
041 _aeng
050 _aKZ 1160 Min
100 1 _aMinnerop, Petra
_91444
245 _aInternational development law : the Max Plank encyclopedia of public international law
_c/ by Petra Minnerop; RĂ¼diger Wolfrum; and Frauke Lachenmann
260 _bOxford University Press,
_c2019.
_aOxford :
300 _axxviii, 953 pages
336 _2rdacontent
_aText |
_btxt
337 _2rdamedia
_aUnmediated |
_bn
338 _2rdacarrier
_aVolume
_bnc
650 0 _91445
_aDEVELOPMENT
650 0 _91446
_aENCYCLOPEDIA
650 0 _94
_aINTERNATIONAL LAW
942 _2lcc
_c002
999 _c83453
_d83453